00332nam a22001457a 4500003000400000020001800004082002600022100001700048245001500065250000800080260004600088300000800134650002700142700001700169OSt a9788192339702 a338.04 GAU/TAbGAU/TA aGaurav Marya aTakecharge a1st aFaridabadbEnterpreneur India Booksc2012 a199 aBuild a Growth Fantasy aGaurav Marya